000 00463nam a2200145Ia 4500
008 231129s2010||||xx |||||||||||||| ||spa||
020 _a978-958-695-515-7
040 _bspa
082 _a303.609861 C761d
100 _aConte Giovanni
245 0 _aDestrucción reconstrucción y efecto Shiva: una propuesta femenina en El Salado Montes de Marí­a
260 _c2010
264 _aUniversidad de los Andes
942 _2ddc
_cBKS
999 _c9147
_d9147